| 000 | 00427cam a2200169ua 4500 | ||
|---|---|---|---|
| 020 | _c1.50 | ||
| 041 |
_amal _h |
||
| 082 |
_a894.8122 _bSTE/CH |
||
| 100 | _aStrinburg, Agust . | ||
| 245 |
_aChangathikal / _cAgust Strinburg. _hTextual Documents |
||
| 260 |
_aKottayam : _bSahitya Pravarthaka Co-operative Society , _c1965. |
||
| 300 | _a119 ; . | ||
| 365 | _a1.50 | ||
| 504 | _a | ||
| 942 | _cBK | ||
| 999 |
_c6030 _d6030 |
||